Le Risque de pauvreté dans le contexte de la flexicurité

Rok 2010 ako európsky rok boja proti chudobe a sociálnej exklúzii. Problematika zamestnanosti a chudoby. Európske sociálne modely: stredomorský model, kontinentálny model, anglosaský model a nordický model. Flexikurita ako možné riešenie zamestnanosti v Európe. Miera chudoby v európskych štátoch. Vp...

Ausführliche Beschreibung

Gespeichert in:
Bibliographische Detailangaben
1. Verfasser: Přívarová, Magdaléna, 1955-
Weitere Verfasser: Přívara, Andrej, 1983-
Format: Buchkapitel
Sprache:Französisch
Schlagworte:
Tags: Tag hinzufügen
Keine Tags, Fügen Sie das erste Tag hinzu!

MARC

LEADER 00000naa$a2200000$$$4500
001 0142090
005 20240502083330.6
041 0 |a fre 
044 |a FR 
245 1 0 |a Le Risque de pauvreté dans le contexte de la flexicurité  |c Magdaléna Přívarová, Andrej Přívara 
520 |a Rok 2010 ako európsky rok boja proti chudobe a sociálnej exklúzii. Problematika zamestnanosti a chudoby. Európske sociálne modely: stredomorský model, kontinentálny model, anglosaský model a nordický model. Flexikurita ako možné riešenie zamestnanosti v Európe. Miera chudoby v európskych štátoch. Vplyv flexikurity na riziko chudoby. 
610 2 0 |a zamestnanosť 
610 2 0 |a nezamestnanosť 
610 2 0 |a trh práce 
610 2 0 |a chudoba 
610 2 0 |a politika sociálna 
610 2 0 |a Európska únia 
100 1 |a Přívarová, Magdaléna, 1955- 
700 1 |a Přívara, Andrej, 1983-